| 000 | 00481cam a2200181 4500 | ||
|---|---|---|---|
| 001 | D12883 | ||
| 008 | 090401t1902 xxu||||| |||| 00| 0 eng d | ||
| 035 | _a(Sirsi) u6485 | ||
| 041 | _aeng | ||
| 100 | _aHamilton, H.B Hans | ||
| 245 | _aDigest of the statutory law relating to the management and rating of collieries | ||
| 260 |
_bWalter Scott Publishing Co _c1902 |
||
| 350 | _a0 | ||
| 520 | _aShelf 182 | ||
| 700 | _aForbes, Urquhart A | ||
| 942 | _n0 | ||
| 948 | _c04/03/1997 | ||
| 999 |
_c86315 _d86315 |
||